|
|
|
|
| LEADER |
00000nam a22000007a 4500 |
| 005 |
20130114173400.0 |
| 007 |
cr|||| |||| |
| 008 |
130114e2012 sp |||||s|||| 00||0 spa d |
| 020 |
|
|
|a 978-84-9031-213-1
|
| 035 |
|
|
|a 6959
|
| 040 |
|
|
|a vLex
|
| 090 |
|
|
|c 3515
|d 3515
|
| 100 |
1 |
0 |
|a Menňdez Mato, Juan Carlos
|
| 245 |
1 |
3 |
|a El Legado de la Legt̕ima Estricta en el Derecho Comn︢ Espaǫl
|h [Recurso electrn̤ico] /
|c Juan Carlos Menňdez Mato
|
| 256 |
|
|
|a Servicio en ln̕ea
|
| 260 |
|
|
|a Madrid :
|b Dykinson,
|c 2012
|
| 300 |
|
|
|a 1 Recurso electrn̤ico
|
| 650 |
0 |
4 |
|a Sucesiones
|
| 740 |
|
|
|a vLex Libros (Servicio en ln̕ea)
|
| 856 |
|
|
|a Acceso restringido
|u http://www.vlex.com/sources/6959
|
| 942 |
|
|
|c BOOK
|
| 999 |
|
0 |
|a Inheritance and succession
|